000 nam a22 7a 4500
999 _c9187
_d9187
008 180124b ||||| |||| 00| 0 eng d
100 _aCBSE
_95448
245 _aScience Biology-X
260 _aNew Delhi
_bRachna
_c2009